=LDR 00000nam 2200000 4500 =001 INLIS000000000034208 =005 20130612140124 =008 ***********************************ind** =035 ##$$0010-061300000034208 =041 ##$$a ind =082 ##$$a 614.4 =090 ##$$a 614.4, Naz t =100 ##$$a Nazar, H. Effendi =245 ##$$a Tubuh terawat tubuh sehat, H.Effendi nazar =260 ##$$a 1998 $b Jakarta =300 ##$$a 82 hlm, Ilus, 21 cm =650 ##$$a Kesehatan - Pengawasan =850 ##$$a NBPNMAT